000 00287nam a2200133Ia 4500
008 220928s9999 xx 000 0 und d
082 _bGUL
100 _aGULECHA, JETHMAL
245 0 _aDURLABH MANUSHYA BHAVH
300 _a160
650 _aGeneral
942 _cBK
999 _c208355
_d208355
041 _aHINDI